Способ неоднородного наводороживания циркониевого сплава; Перспективы развития фундаментальных наук; Т. 1 : Физика
| Parent link: | Перспективы развития фундаментальных наук=Prospects of Fundamental Sciences Development: сборник научных трудов XVI Международной конференции студентов, аспирантов и молодых ученых, г. Томск, 23-26 апреля 2019 г./ Национальный исследовательский Томский политехнический университет (ТПУ) ; под ред. И. А. Курзиной, Г. А. Вороновой.— , 2019 Т. 1 : Физика.— 2019.— [С. 220-222] |
|---|---|
| Egile nagusia: | |
| Erakunde egilea: | |
| Beste egile batzuk: | , |
| Gaia: | Заглавие с экрана This paper describes a method for heterogeneous hydrogenation of zirconium products. The method consists in that a thin layer of up to 1.5 [mu]m titanium nitride is applied to the surface of the alloy. In this part of the plate remains uncoated. As a result, hydrogenation occurs at a value of 10 mm along the length of the plate, the total size of which is 100 mm. The process of studying the hydrogenation of the remaining part of the plate was carried out by the thermopower method. The main regularities of hydrogen migration in a zirconium alloy under the conditions considered are established. |
| Hizkuntza: | errusiera |
| Argitaratua: |
2019
|
| Gaiak: | |
| Sarrera elektronikoa: | http://earchive.tpu.ru/handle/11683/55837 |
| Formatua: | Baliabide elektronikoa Liburu kapitulua |
| KOHA link: | https://koha.lib.tpu.ru/cgi-bin/koha/opac-detail.pl?biblionumber=629690 |
MARC
| LEADER | 00000naa2a2200000 4500 | ||
|---|---|---|---|
| 001 | 629690 | ||
| 005 | 20240123102137.0 | ||
| 035 | |a (RuTPU)RU\TPU\conf\30433 | ||
| 035 | |a RU\TPU\conf\30429 | ||
| 090 | |a 629690 | ||
| 100 | |a 20190905d2019 k y0rusy50 ca | ||
| 101 | 0 | |a rus | |
| 102 | |a RU | ||
| 105 | |a y z 100zy | ||
| 135 | |a drcn ---uucaa | ||
| 181 | 0 | |a i | |
| 182 | 0 | |a b | |
| 200 | 1 | |a Способ неоднородного наводороживания циркониевого сплава |d Method of inhomogenious hydrogenation zirconium alloys |f Лю Уян, В. Н. Кудияров, В. В. Ларионов |g науч. рук. В. В. Ларионов | |
| 203 | |a Текст |c электронный | ||
| 300 | |a Заглавие с экрана | ||
| 320 | |a [Библиогр.: с. 222 (6 назв.)] | ||
| 330 | |a This paper describes a method for heterogeneous hydrogenation of zirconium products. The method consists in that a thin layer of up to 1.5 [mu]m titanium nitride is applied to the surface of the alloy. In this part of the plate remains uncoated. As a result, hydrogenation occurs at a value of 10 mm along the length of the plate, the total size of which is 100 mm. The process of studying the hydrogenation of the remaining part of the plate was carried out by the thermopower method. The main regularities of hydrogen migration in a zirconium alloy under the conditions considered are established. | ||
| 461 | 1 | |0 (RuTPU)RU\TPU\conf\30347 |t Перспективы развития фундаментальных наук |l Prospects of Fundamental Sciences Development |o сборник научных трудов XVI Международной конференции студентов, аспирантов и молодых ученых, г. Томск, 23-26 апреля 2019 г. |o в 7 т. |f Национальный исследовательский Томский политехнический университет (ТПУ) ; под ред. И. А. Курзиной, Г. А. Вороновой |d 2019 | |
| 463 | 1 | |0 (RuTPU)RU\TPU\conf\30348 |t Т. 1 : Физика |v [С. 220-222] |d 2019 | |
| 510 | 1 | |a Method of inhomogenious hydrogenation zirconium alloys |z eng | |
| 610 | 1 | |a электронный ресурс | |
| 610 | 1 | |a труды учёных ТПУ | |
| 610 | 1 | |a наводороживание | |
| 610 | 1 | |a циркониевые сплавы | |
| 610 | 1 | |a гидрирование | |
| 610 | 1 | |a нитрид титана | |
| 610 | 1 | |a термоэдс | |
| 700 | 0 | |a Лю Уян | |
| 701 | 1 | |a Кудияров |b В. Н. |c физик |c доцент Томского политехнического университета, кандидат технических наук |f 1990- |g Виктор Николаевич |3 (RuTPU)RU\TPU\pers\30612 |9 14893 | |
| 701 | 1 | |a Ларионов |b В. В. |c физик |c профессор Томского политехнического университета, доктор педагогических наук |f 1945- |g Виталий Васильевич |3 (RuTPU)RU\TPU\pers\25193 |9 11273 | |
| 702 | 1 | |a Ларионов |b В. В. |c физик |c профессор Томского политехнического университета, доктор педагогических наук |f 1945- |g Виталий Васильевич |4 727 | |
| 712 | 0 | 2 | |a Национальный исследовательский Томский политехнический университет |b Инженерная школа ядерных технологий |b Отделение экспериментальной физики |3 (RuTPU)RU\TPU\col\23549 |
| 801 | 2 | |a RU |b 63413507 |c 20190925 |g RCR | |
| 856 | 4 | |u http://earchive.tpu.ru/handle/11683/55837 | |
| 942 | |c BK | ||